UBT Library

American Psychological Association (Record no. 1036)

000 -LEADER
fixed length control field 00792nam a22002177a 4500
008 - FIXED-LENGTH DATA ELEMENTS--GENERAL INFORMATION
fixed length control field 150611b xxu||||| |||| 00| 0 eng d
020 ## - INTERNATIONAL STANDARD BOOK NUMBER
International Standard Book Number 9781557987914
041 0# - LANGUAGE CODE
Language code of text/sound track or separate title eng
080 ## - UNIVERSAL DECIMAL CLASSIFICATION NUMBER
Universal Decimal Classification number 07
100 ## - Rafti
Rafti American Psychological Association
245 00 - TITLE STATEMENT
Title American Psychological Association
250 ## -
-- 5th ed.
260 ## -
-- Washington, DC :
-- American Psychological Association,
-- c2001.
300 ## -
-- xxviii, 439 p. :
-- me il. ;
-- 27 cm.
650 #0 -
-- Psikologji
-- Doracakë, manuale, etj
-- autorësi
650 #0 -
-- shkencat shoqërore
-- Doracakë, manuale, etj
-- autorësi
650 #0 -
-- literaturë psikologjike
-- Doracakë, manuale, etj
-- Botime
650 #0 -
-- Literaturë shkenca sociale
-- Doracakë, manuale, etj
-- Botime
700 1# -
-- American Psychological Association.
942 ## - ADDED ENTRY ELEMENTS (KOHA)
Source of classification or shelving scheme
Item type Books
Holdings
Withdrawn status Lost status Source of classification or shelving scheme Damaged status Not for loan Collection code Permanent location Current location Shelving location Date acquired Total Checkouts Full call number Date last seen Price effective from Koha item type Barcode
          Koleksioni i përgjithshem UBT - Lipjan UBT - Lipjan Koleksioni i përgjithshem 06/11/2015   07 APA 06/11/2015 06/11/2015 Books  
          Koleksioni i përgjithshem UBT - Lipjan UBT - Lipjan Koleksioni i përgjithshem 10/05/2017   159.9 APA 10/05/2017 10/05/2017 Books 002-2929013
          Koleksioni i përgjithshem UBT - Lipjan UBT - Lipjan Koleksioni i përgjithshem 10/05/2017   159.9 APA 10/05/2017 10/05/2017 Books 002-2929008
          Koleksioni i përgjithshem UBT - Lipjan UBT - Lipjan Koleksioni i përgjithshem 10/05/2017   159.9 APA 10/05/2017 10/05/2017 Books 002-2929003
          Koleksioni i përgjithshem UBT - Lipjan UBT - Lipjan Koleksioni i përgjithshem 09/27/2018   159.9 JAM 09/27/2018 09/27/2018 Books 002-3013801
          Koleksioni i përgjithshem UBT - Lipjan UBT - Lipjan   03/24/2023   159.9APA 03/24/2023 03/24/2023 Books 002-80003012
          Koleksioni i përgjithshem UBT - Lipjan UBT - Lipjan   06/13/2023   159.9APA 06/13/2023 06/13/2023 Books 002-800080567
          Koleksioni i përgjithshem UBT - Lipjan UBT - Lipjan   06/13/2023   159.9APA 06/13/2023 06/13/2023 Books 002-800080568
          Koleksioni i përgjithshem UBT - Lipjan UBT - Lipjan   06/13/2023   159.9APA 06/13/2023 06/13/2023 Books 002-800080569
UBT Library © 2015-2024. All rights reserved University Education for Business and Technology